000 00729pam a2200241 a 4500
001 1980335
005 20180314051902.0
008 890622s1989 nyuab b 001 0 eng
010 _a 89016069
020 _a0195037944 (alk. paper)
040 _aDLC
_cDLC
_dDLC
041 _aeng
043 _an-us---
_ae-uk-en
080 _a973 FIS
082 0 0 _a973 FIS
_a973
_220
100 1 _a16
101 _aHIS
245 1 0 _aAlbion's seed :
_cby David Hackett Fischer.
504 _aIncludes bibliographical references and index.
800 1 _aFischer, David Hackett,
_d1935-
_tAmerica, a cultural history ;
_vv. 1.
906 _a7
_bcbc
_corignew
_d1
_eocip
_f19
_gy-gencatlg
942 _2ddc
_cBK
999 _c44981
_d44981